| 000 | 00685nam a22001935i 4500 | ||
|---|---|---|---|
| 001 | 164582 | ||
| 003 | ES-MaACL | ||
| 005 | 20240511063041.0 | ||
| 008 | 000215s1889 sp |||| | spa d | ||
| 040 |
_aCCPB | B _bspa _cCCPB | B |
||
| 100 | 1 |
_aSánchez de Toca, Joaquín, _d1852-1942 _9102598 |
|
| 245 | 1 | 3 |
_aEl régimen parlamentario y el sufragio universal / _cpor Joaquín Sánchez de Toca. |
| 260 |
_aMadrid : _b[s.n.], _c1889 ( _ftipografía de Manuel G. Hernández) |
||
| 300 |
_aXLV, [1], 387 p. ; _c17 cm. |
||
| 650 | 4 |
_aSufragio universal. _9136893 |
|
| 650 |
_aParlamentarismo. _9136654 |
||
| 852 |
_aES-MaACL _jF-619 _z-- Enc. pasta |
||
| 999 |
_c164582 _d164582 |
||